| 000 | 01327njm a22002777a 4500 | ||
|---|---|---|---|
| 005 | 20100910100728.0 | ||
| 007 | sd ammalaaahaa | ||
| 008 | 100910t xxu||||| |||| 00| 0 hin d | ||
| 028 |
_aN.55491 _bHis Master's Voice |
||
| 035 | _aGR-01736 | ||
| 040 | _aSED/VEN | ||
| 100 |
_aSuman Kalyanpur _91184 |
||
| 245 |
_aBoond jo ban gayi moti : _cby Suman Kalyanpur, Asha Bhosle & Manna Dey ; music by Satish Bhatia ; lyric by Bharat Vyas _h[sound recording] : _bhindustani / |
||
| 246 | _aबूँद जो बन गई मोती (सुमन कल्यानपुर , आशा भोसले और मन्ना डे ) | ||
| 260 |
_aDum Dum, India _bHis Master's Voice _c1967 |
||
| 300 |
_a1 sound disc [Gramophone record] : _banalog, 33. 1/3 rpm _c10 in. _fGramophone record |
||
| 500 | _aBrief record. | ||
| 505 |
_aAnkhiyan tarsan ((Suman Kalyanpur) अखियाँ तरसन भाग १ , Boond jo ban gayi (Asha Bhosle & Manna Dey) बूँद जो बन गई भाग २ _r |
||
| 650 |
_aClassical Music _xExcerpts _zIndia _919315 |
||
| 700 |
_aBhosle, Asha _919316 |
||
| 700 |
_aManna Dey _919406 |
||
| 700 |
_aBhatiya, Satish _919407 |
||
| 700 |
_aVyas, Bharat _919408 |
||
| 942 |
_2ddc _cGR |
||
| 999 |
_c45055 _d45055 |
||